| 000 | 00697nam a2200253 i 4500 | ||
|---|---|---|---|
| 001 | 000000001 | ||
| 003 | DO-SdBNP | ||
| 005 | 20260515094837.0 | ||
| 007 | ta | ||
| 008 | 260316s2025 dr 0000 spa d | ||
| 020 | _a9789945224832 | ||
| 040 |
_aDO-SdBNP _bspa _cBNPHU _erda |
||
| 041 | _aspa | ||
| 082 | 4 |
_a860 _bM618o _222 |
|
| 100 | 1 |
_aMejía, Amable _eautor _937015 |
|
| 245 | 1 | 0 | _aY otros cuentos |
| 264 | 1 |
_aSanto Domingo _bEditora Buho, S.R.L. _c2025-12-31 |
|
| 300 |
_a116 páginas _c15.24x22.86cm. |
||
| 336 |
_atexto _btxt _2rdacontent |
||
| 337 |
_asin mediación _bn _2rdamedia |
||
| 338 |
_avolumen _bnc _2rdacarrier |
||
| 650 | 0 |
_aNarración de cuentos _98125 |
|
| 942 |
_2ddc _cLBS1 |
||
| 999 |
_c60505 _d60505 |
||